NLSUI OPAC header image

Challenging codes : (Record no. 14411)

MARC details
000 -LEADER
fixed length control field 00721pam a2200229 a 4500
003 - CONTROL NUMBER IDENTIFIER
control field OSt
005 - DATE AND TIME OF LATEST TRANSACTION
control field 20260404090843.0
008 - FIXED-LENGTH DATA ELEMENTS--GENERAL INFORMATION
fixed length control field 960130s1996 enk 001 0 eng
020 ## - INTERNATIONAL STANDARD BOOK NUMBER
International Standard Book Number 9780521578431 (pbk)
082 ## - DEWEY DECIMAL CLASSIFICATION NUMBER
Classification number 303.484 MEL
100 1# - MAIN ENTRY--PERSONAL NAME
Personal name Melucci, Alberto
245 10 - TITLE STATEMENT
Title Challenging codes :
Remainder of title collective action in the information age /
Statement of responsibility, etc. Alberto Melucci
260 ## - PUBLICATION, DISTRIBUTION, ETC.
Place of publication, distribution, etc. New York :
Name of publisher, distributor, etc. Cambridge University Press,
Date of publication, distribution, etc. 1996.
300 ## - PHYSICAL DESCRIPTION
Extent xiii, 441 p. :
Dimensions 24 cm.
365 ## - TRADE PRICE
Price amount Rs. 1375.00
650 #0 - SUBJECT ADDED ENTRY--TOPICAL TERM
Topical term or geographic name entry element Collective behavior.
650 #0 - SUBJECT ADDED ENTRY--TOPICAL TERM
Topical term or geographic name entry element Social action.
650 #0 - SUBJECT ADDED ENTRY--TOPICAL TERM
Topical term or geographic name entry element Social movements.
650 #0 - SUBJECT ADDED ENTRY--TOPICAL TERM
Topical term or geographic name entry element Group identity.
856 41 - ELECTRONIC LOCATION AND ACCESS
Materials specified Table of contents
Uniform Resource Identifier <a href="http://www.loc.gov/catdir/toc/cam022/96003883.html">http://www.loc.gov/catdir/toc/cam022/96003883.html</a>
942 ## - ADDED ENTRY ELEMENTS (KOHA)
Source of classification or shelving scheme Dewey Decimal Classification
Koha item type BOOKs
Holdings
Withdrawn status Lost status Damaged status Not for loan Home library Current library Shelving location Date acquired Cost, normal purchase price Total Checkouts Full call number Barcode Date last seen Price effective from Koha item type
        NLS NLS General Stacks 30/05/2017 1375.92   303.484 MEL 14617 30/05/2017 30/05/2017 BOOKs